Score 0/20 Timer 04:00
0 Plays Today
Song Missing Word % Correct
Play That Funky _____Music
95%
Man on the _____Moon
92.6%
All By _____Myself
89.8%
Free Your _____Mind
88%
I Can't Wait Another _____Minute
87%
The Boy Is _____Mine
86.5%
One In A _____Million
86.3%
Freak _____Me
83.4%
Nothing Else _____Matters
78.5%
Too _____Much
77.2%
Song Missing Word % Correct
Better _____Man
75.3%
Walking In _____Memphis
66.4%
1st of tha _____Month
59.4%
Dear _____Mama
46.3%
Every _____Morning
45.3%
Slow _____Motion
41.6%
Ants _____Marching
39.7%
Building a _____Mystery
30.4%
My _____Maria
19.5%
My Head's In _____Mississippi
11.3%

Today's Daily Dose

Remove Ads.
Support Sporcle.
Get the best of Sporcle when you Go Orange. This ad-free experience offers more features, more stats, and more fun while also helping to support Sporcle. Thank you for becoming a member.

You're not logged in!

Compare scores with friends on all Sporcle quizzes.
OR
Log In

Show Comments

Extras

Top Quizzes Today


Score Distribution

Your Account Isn't Verified!

In order to create a playlist on Sporcle, you need to verify the email address you used during registration. Go to your Sporcle Settings to finish the process.

Report this User

Report this user for behavior that violates our Community Guidelines.

Details: